00446 a2200121 4500082000600000100001500006245006400021260008000085300003600165500005000201700001600251856005700267 a. aHina Zafar aTrusted Mobile Phone Applications on the cloudcNazia Nawaz aIslamabadbNUST School of Electrical Engineering and Computer Sciencec2011 a,52 p.b: illc; 27 cm.eCD-ROM aSupervisor : Dr.Zahid Anwar, Mr.Qasim Rajpoot aNazia Nawaz uhttp://10.250.8.41:8080/xmlui/handle/123456789/28826